Statistics for Naruto Characters Based On Clan Names

Click here to take the quiz!

General Stats

  • This quiz has been taken 69 times
  • The average score is 15 of 28

Answer Stats

HintAnswer% Correct
UchihaSasuke
98%
UzumakiNaruto
93%
HatakeKakashi
87%
HyugaHinata
85%
HyugaNeji
83%
HarunoSakura
82%
YamanakaIno
80%
RockLee
80%
AkimichiChoji
78%
NaraShikamaru
78%
SarutobiAsuma
67%
InuzukaKiba
65%
UzumakKushina
62%
SartobiKonohamaru
53%
HoshigakiKisame
52%
AkimichiChoza
45%
YuhiKurenai
42%
MomochiZabuza
40%
YamanakaInoichi
38%
ShimuraDanzo
35%
NoharaRin
35%
MitarashiAnko
33%
HozukiSuigetsu
32%
MorinoIbiki
28%
UminoIruka
28%
UchihaItatchi
8%
KamizukiIzumo
8%
UchihaMadra
5%

Score Distribution

Percentile by Number Answered

Percent of People with Each Score

Your Score History

You have not taken this quiz